000
00300nam a2200121Ia 4500
008
190216s9999||||xx |||||||||||||| ||und||
100
_a
Sachdeva S
245
0
_a
Competition Success Review
260
_b
Sudha Pubs Pvt Ltd
_c
1976
300
_a
456p
650
_a
Competitive Examination
942
_c
REF
999
_c
35532
_d
35532